000 00841nam a22002897a 4500
003 CHAP
005 20250429122255.0
008 971013s r 00010 d
010 _a61814
011 _a62786
035 _a66961
040 _cCHAP
090 _aFolleto 14804
100 1 0 _aEchegaray Torres, José Luis
_935055
245 _aAspectos reproductivos de la especie ovina
260 _a(s.l.) :
_b(s.e.),
_c(199?)
300 _a40 h.
500 _aFotocopia
590 _aBATCH-UPD
_b10
_c20130110
_lUCH01
_h1829
590 _aBATCH-UPD
_b10
_c20130410
_lUCH01
_h1201
590 _aBATCH-UPD
_b10
_c20130914
_lUCH01
_h1519
590 _aCONVERSION
_b10
_c20130109
_lUCH01
_h1333
650 1 4 _aGanado lanar
_xReproducción.
_945220
901 _aBK
942 _cFOLL
949 _aFolleto 14804
_bBC
_cFOLL
_d-152201
_eTS1
_i66961
_si
999 _c61814
_d61814